Personal soul-winning. (Record no. 10982)

000 -LEADER
fixed length control field 00917nam a2200229 a 4500
001 - CONTROL NUMBER
control field :::00008775$&:&@@
003 - CONTROL NUMBER IDENTIFIER
control field OkBaRHE
005 - DATE AND TIME OF LATEST TRANSACTION
control field 20000607103346.0
008 - FIXED-LENGTH DATA ELEMENTS--GENERAL INFORMATION
fixed length control field s1962 j 000 0 eng u
040 ## - CATALOGING SOURCE
Transcribing agency
100 1# - MAIN ENTRY--PERSONAL NAME
Personal name Sanderson, Leonard.
245 10 - TITLE STATEMENT
Title Personal soul-winning.
260 ## - PUBLICATION, DISTRIBUTION, ETC. (IMPRINT)
Place of publication, distribution, etc Nashville, TN., :
Name of publisher, distributor, etc Convention Press
Date of publication, distribution, etc 1962
300 ## - PHYSICAL DESCRIPTION
Extent 129 p.
650 ## - SUBJECT ADDED ENTRY--TOPICAL TERM
Topical term or geographic name as entry element Evangelism
942 ## - ADDED ENTRY ELEMENTS (KOHA)
Source of classification or shelving scheme
Koha item type Books
Copies
Price effective from Permanent Location Copy number Lost status Barcode Full call number Damaged status Source of classification or shelving scheme Shelving location Withdrawn status Date last seen Koha item type Date acquired Not for loan
2010-04-14RHEMA Bible Training College1 8775BV 3795 .S2  General Stacks 2010-04-14Books2010-04-14 
2010-04-14RHEMA Bible Training College2 15362BV 3795 .S2  General Stacks 2010-04-14Books2010-04-14 
2010-04-14RHEMA Bible Training College3 15363BV 3795 .S2  General Stacks 2010-04-14Books2010-04-14 
2010-04-14RHEMA Bible Training College4 15364BV 3795 .S2  General Stacks 2010-04-14Books2010-04-14 
2010-04-14RHEMA Bible Training College5 15365BV 3795 .S2  General Stacks 2010-04-14Books2010-04-14